Příklady dobré praxe, aneb, Sociální podnikání v České republice / text zpracovala Daniela Bednáriková
Record details
- ISBN: 978-80-260-4043-9 (kroužková vazba)
- Physical Description: 47 s. : barev. il., portréty ; 29 cm
- Publisher: Praha : P3-People, 2012
Content descriptions
| General Note: | Název z obálky 2000 výt. |
Search for related items by subject
| Subject: | sociální podniky > Česko sociální podniky > země Evropské unie |
| Genre: | informační publikace příručky |
Available copies
- 2 of 2 copies available at Common Catalog SPOK.
Holds
- 0 current holds with 2 total copies.
Show Only Available Copies
| Location | Call Number / Copy Notes | Barcode | Shelving Location | Status | Due Date |
|---|---|---|---|---|---|
| Jabok Library | Soc-8.2/B | 424480034986 | Odborná literatura | Available | - |
| Jabok Library | Soc-8.2/B | 424480034989 | Odborná literatura | Available | - |
| LDR | 01324nam a2200385 a 4500 | ||
|---|---|---|---|
| 001 | 18507 | ||
| 003 | CZ-PrJAB | ||
| 005 | 20140516094909.0 | ||
| 007 | ta | ||
| 008 | 130709s2012 xr ac e 000 0dcze d | ||
| 020 | . | ‡a978-80-260-4043-9 (kroužková vazba) | |
| 035 | . | ‡a(CZ PrSKC)000807292 | |
| 035 | . | ‡a(OCoLC)855463985 | |
| 040 | . | ‡aHKA001 ‡bcze | |
| 043 | . | ‡ae-xr--- ‡ae------ | |
| 072 | 7. | ‡a334 ‡xFormy organizace a spolupráce v ekonomice ‡2Konspekt ‡94 | |
| 080 | . | ‡a334.012.44 ‡2MRF | |
| 080 | . | ‡a(437.3) ‡2MRF | |
| 080 | . | ‡a(4) ‡2MRF | |
| 080 | . | ‡a(036) ‡2MRF | |
| 080 | . | ‡a(035) ‡2MRF | |
| 100 | 1 | . | ‡aBednáriková, Daniela ‡7mzk2011673129 ‡4aut |
| 245 | 1 | 0. | ‡aPříklady dobré praxe, aneb, Sociální podnikání v České republice / ‡ctext zpracovala Daniela Bednáriková |
| 246 | 3 | 0. | ‡aSociální podnikání v České republice |
| 260 | . | ‡aPraha : ‡bP3-People, ‡c2012 | |
| 300 | . | ‡a47 s. : ‡bbarev. il., portréty ; ‡e29 cm | |
| 500 | . | ‡aNázev z obálky | |
| 500 | . | ‡a2000 výt. | |
| 650 | 0 | 7. | ‡asociální podniky ‡7ph459476 ‡zČesko ‡2czenas |
| 650 | 0 | 7. | ‡asociální podniky ‡7ph459476 ‡zzemě Evropské unie ‡2czenas |
| 655 | 7. | ‡ainformační publikace ‡7fd132454 ‡2czenas | |
| 655 | 7. | ‡apříručky ‡7fd133209 ‡2czenas | |
| 910 | . | ‡aABG312 | |
| 901 | . | ‡a18507 ‡b ‡c18507 ‡tbiblio | |